Entry Nombre geográfico
001 - NÚMERO DE CONTROL
- campo de control: 235965
003 - IDENTIFICADOR DE NÚMERO DE CONTROL
- campo de control: SpMaBN
005 - FECHA Y HORA DE LA ÚLTIMA TRANSACCIÓN
- campo de control: 20240424131441.0
008 - ELEMENTOS DE DATO DE LONGITUD-FIJA
- campo de control de longitud fija: 051122 n anznnbabn |a ana
010 ## - NÚMERO DE CONTROL DE LA BIBLIOTECA DEL CONGRESO
- Número de control de LC: XX461723
016 ## - NÚMERO DE CONTROL DE UNA AGENCIA BIBLIOGRÁFICA NACIONAL
- Número de control del registro: BNE20052314268
024 7# - IDENTIFICADOR DE OTROS ESTÁNDARES
- Número estándar o código: http://id.loc.gov/authorities/subjects/sh2008002545
- Fuente: lcsh
024 7# - IDENTIFICADOR DE OTROS ESTÁNDARES
- Número estándar o código: http://viaf.org/viaf/117146153041105250651
- Fuente: viaf
024 7# - IDENTIFICADOR DE OTROS ESTÁNDARES
- Número estándar o código: https://www.wikidata.org/wiki/Q21889022
- Fuente: wikidata
034 ## - DATOS MATEMÁTICOS CARTOGRÁFICOS CODIFICADOS
- Coordenadas - longitud más occidental: W0052508
- Coordenadas - longitud más oriental: W0052508
- Coordenadas - latitud más septentrional: N0355447
- Coordenadas - latitud más meridional: N0355447
- Fuente: geonames
040 ## - FUENTE DE CATALOGACIÓN
- Centro catalogador/agencia de origen: SpMaBN
- Lengua de catalogación: spa
- Centro/agencia transcriptor: SpMaBN
- Normas de descripción: rdc
- Convención/Normas de encabezamiento de materia/tesauro: embne
042 ## - CÓDIGO DE AUTENTICACIÓN
- Código de autenticación: 20151025
080 ## - NÚMERO DE LA CLASIFICACIÓN DECIMAL UNIVERSAL
- Número de la Clasificación Decimal Universal: (647 Perejil)
- Identificador de la edición: mrf12
151 ## - ENCABEZAMIENTO--NOMBRE GEOGRÁFICO
- Nombre geográfico: Perejil (Isla)
451 ## - TRAZADO DE VÉASE--NOMBRE GEOGRÁFICO
- Nombre geográfico: Isla Perejil
451 ## - TRAZADO DE VÉASE--NOMBRE GEOGRÁFICO
- Nombre geográfico: Leïla Island
670 ## - FUENTE DE DATOS ENCONTRADOS
- Cita de la fuente: LCSH;
- Información encontrada: [Leïla Island (Morocco)]
670 ## - FUENTE DE DATOS ENCONTRADOS
- Cita de la fuente: GeoNames;
- Información encontrada: [Isla Perejil (Spain)]
670 ## - FUENTE DE DATOS ENCONTRADOS
- Cita de la fuente: Larousse, 2000;
- Información encontrada: (Perejil, Islote Español)
670 ## - FUENTE DE DATOS ENCONTRADOS
- Cita de la fuente: WWW Bn España aut., 24-4-2024;
- Información encontrada: [Perejil (Isla)]
750 #7 - ENTRADA DE ENLACE DE ENCABEZAMIENTO ESTABLECIDO--TÉRMINO DE MATERIA
- Término de materia o nombre geográfico como elemento de entrada: Leïla Island (Morocco)
- Fuente del encabezamiento o término: lcsh
856 ## - LOCALIZACIÓN Y ACCESO ELECTRÓNICOS
- Identificador Uniforme de Recursos: https://maps.google.es/maps?q=W005+25'08''N035+54'47''
954 ## - CATALOGADOR -ALTA REGISTRO
- Nombre del catalogador: Inmaculada Vicente Garcia
